000 00327nam a2200133Ia 4500
005 20260328104318.0
008 260328s9999||||xx |||||||||||||| ||und||
100 _aBroto, Xavier
245 0 _aHoteles :
_b Arquitectura y DiseƱo /
_cXavier Broto
260 _bLinks
300 _a290 p.
650 _aARQUITECTURA
942 _cBK
999 _c11260
_d11260